[Event "Kiev Spring op"]
[Site "Kiev"]
[Date "2021.07.11"]
[Round "2"]
[White "Lysytsia, Yaroslav"]
[Black "Konovalov, Kirill"]
[Result "0-1"]
[WhiteElo "1236"]
[BlackElo "1697"]
[PlyCount "84"]
[EventDate "2021.07.10"]
[EventType "swiss"]
[EventRounds "9"]
[EventCountry "UKR"]
[SourceTitle "EXT 2024"]
[Source "ChessBase"]
[SourceDate "2023.10.10"]
[SourceVersion "1"]
[SourceVersionDate "2023.10.10"]
[SourceQuality "1"]

1. d4 Nf6 2. c4 e6 3. Nf3 b6 4. Bg5 Bb7 5. e3 h6 6. Bh4 g5 7. Bg3 Ne4 8. Nbd2 d5 9. a3 h5 10. h3 Nxg3 11. fxg3 Bd6 12. Bd3 Bxg3+ 13. Ke2 Rg8 14. Ne5 Bxe5 15. dxe5 dxc4 16. Be4 Bd5 17. Qa4+ Qd7 18. Qc2 Qb5 19. a4 Bxe4 20. Qxe4 Qd5 21. Rac1 Nd7 22. Rxc4 Nc5 23. Qxd5 exd5 24. Rd4 c6 25. Rc1 Rg6 26. a5 Ne6 27. Ra4 Rb8 28. Rxc6 Nf4+ 29. exf4 Rxc6 30. f5 bxa5 31. Rxa5 Rxb2 32. Rxa7 Rcc2 33. Ra8+ Ke7 34. Ra7+ Kf8 35. Ra8+ Kg7 36. f6+ Kg6 37. Rg8+ Kf5 38. g4+ hxg4 39. hxg4+ Kxg4 40. e6 Rxd2+ 41. Ke3 Re2+ 42. Kd4 Rxe6 0-1